000 00584nam a22001937a 4500
003 LK-CoDNM
005 20250106114641.0
008 250102b |||||||| |||| 00| 0 eng d
040 _aLK-CoDNM
_dLK-CoDNM
_eLK-CoDNM
041 _aeng
080 _a4
_bE5
100 _aFrancis Day, F.L.S. & F.Z.S.
245 _aThe fishes of India being a natural history of the fishes known to inhabit the seas and fresh waters of India, Burma, and Ceylon
260 _c1878
_aLondon
_bBernard Quaritch
300 _b777p. : ill ; 27 cm
650 _aScience
650 _a1878
942 _cBK
999 _c235018
_d235018